3. Mechanizmus DNA poškodení indukovaných UVA žiarením bakalárska práca

Enregistré dans:
Détails bibliographiques
Auteur principal: Laššáková, Nikola
Format: Livre
Langue:slovaque
Publié: Bratislava STU FCHPT 2013
Accès en ligne:Voir à l'OPAC
Tags: Ajouter un tag
Pas de tags, Soyez le premier à ajouter un tag!

MARC

LEADER 00000nam a2200000 a 4500
005 20260127134337.0
008 130919 2013 000 0 slo d
035 |a vtls010544599 
039 9 |y 201309190815  |z mschk03 
040 |a STUSCHK1  |b slo  |c STUSCHK1  |e AACR2 
100 1 |a Laššáková, Nikola 
245 1 |a 3. Mechanizmus DNA poškodení indukovaných UVA žiarením  |b bakalárska práca  |c Nikola Laššáková 
260 |a Bratislava  |b STU FCHPT  |c 2013 
300 |a 44 s.  |b il.  |c 30 cm 
500 |a Obhájené: 10.07.2013 
500 |a Štud. program: Biotechnológia a potravinárska technológia 
500 |a Štud. odbor: Biotechnológie 
500 |a Škol. pracovisko: Odd. biochémie a mikrobiológie 
500 |a Evid. číslo: FCHPT-13567-44002 
910 |a SCHK95 
999 |c 10362  |d 10362